| 000 | 01060cam a2200313 i 4500 | ||
|---|---|---|---|
| 001 | 12392 | ||
| 003 | BD-RjUL | ||
| 005 | 20211208235302.0 | ||
| 008 | 140128s1977 nyua b 001 0 eng | ||
| 020 | _a0123617502 | ||
| 035 | _a(BD-RjUL)12441 | ||
| 040 |
_aDLC _cDLC _dBD-RjUL _beng |
||
| 041 | _aeng | ||
| 082 | 0 | 0 |
_a591.012 _bHUT 1977 |
| 100 | 1 |
_aHunn, Eugene S. _938476 |
|
| 245 | 1 | 0 |
_aTzeltal folk zoology : _bthe classification of discontinuities in nature / _cEugene S. Hunn. |
| 260 |
_aNew York : _bAcademic Press, _cc1977. |
||
| 300 |
_axliv, 368 p. : _billus. ; _c26 cm. |
||
| 490 | 0 | _aLanguage, thought, and culture | |
| 504 | _aInclude bibliography and index. | ||
| 650 | 0 |
_aTzeltal Indians _xEthnozoology. _938477 |
|
| 650 | 0 |
_aEthnozoology _zMexico _zChiapas. _938478 |
|
| 650 | 0 |
_aTzeltal language _xGlossaries, vocabularies, etc. _938479 |
|
| 650 | 0 |
_aFolk classification _zMexico _zChiapas. _938480 |
|
| 650 | 0 |
_aIndians of Mexico _xEthnozoology _zMexico _zChiapas. _938481 |
|
| 942 |
_2ddc _cBK |
||
| 999 |
_c12392 _d12392 |
||